Astrophysical ages and time scales (Record no. 14664)

MARC details
000 -LEADER
fixed length control field 00919nam a2200253Ia 4500
003 - CONTROL NUMBER IDENTIFIER
control field IN-BaIIA
008 - FIXED-LENGTH DATA ELEMENTS--GENERAL INFORMATION
fixed length control field 211028s9999 xx 000 0 eng d
020 ## - INTERNATIONAL STANDARD BOOK NUMBER
International Standard Book Number 1-58381-083-8
040 ## - CATALOGING SOURCE
Transcribing agency IIA Library
080 ## - UNIVERSAL DECIMAL CLASSIFICATION NUMBER
Universal Decimal Classification number 082.2:52
Item number ASP-245
111 ## - MAIN ENTRY--MEETING NAME
Meeting name or jurisdiction name as entry element Conference on Astrophysical Ages and Time Scales
Location of meeting Hawaii, U.S.A.
Date of meeting or treaty signing 2001 Feb. 5-9
9 (RLIN) 26164
245 #0 - TITLE STATEMENT
Title Astrophysical ages and time scales
Remainder of title proceedings of a conference held in Hawaii, U.S.A., February 5-9, 2001
Statement of responsibility, etc. edited by T. V. Hippel, C. Simpson and N. Mansel
260 ## - PUBLICATION, DISTRIBUTION, ETC.
Place of publication, distribution, etc. California
Name of publisher, distributor, etc. Astronomical Society of the Pacific
Date of publication, distribution, etc. 2001
300 ## - PHYSICAL DESCRIPTION
Extent xviii, 639p.
490 ## - SERIES STATEMENT
Series statement ASP conference series; v. 245
650 ## - SUBJECT ADDED ENTRY--TOPICAL TERM
Topical term or geographic name entry element Astronomy
9 (RLIN) 80
650 ## - SUBJECT ADDED ENTRY--TOPICAL TERM
Topical term or geographic name entry element Astrophysics
9 (RLIN) 794
650 ## - SUBJECT ADDED ENTRY--TOPICAL TERM
Topical term or geographic name entry element Debris disk systems
9 (RLIN) 26165
650 ## - SUBJECT ADDED ENTRY--TOPICAL TERM
Topical term or geographic name entry element Galaxy
9 (RLIN) 3368
700 ## - ADDED ENTRY--PERSONAL NAME
Personal name Hippel, T. V., ed.
9 (RLIN) 26166
700 ## - ADDED ENTRY--PERSONAL NAME
Personal name Mansel, N., ed.
9 (RLIN) 26167
700 ## - ADDED ENTRY--PERSONAL NAME
Personal name Simpson , C., ed.
9 (RLIN) 26168
942 ## - ADDED ENTRY ELEMENTS (KOHA)
Koha item type Books
952 ## - LOCATION AND ITEM INFORMATION (KOHA)
-- 57.00
Holdings
Withdrawn status Lost status Damaged status Not for loan Home library Current library Shelving location Date acquired Total Checkouts Full call number Barcode Date last seen Price effective from Koha item type
        IIA Library-Bangalore IIA Library-Bangalore General Stacks 11/06/2002   082.2:52/ ASP-245 15586 05/11/2021 11/06/2002 Books

Powered by Koha